*Astronauta por um dia (Record no. 11295)

MARC details
000 -LÍDER
campo de controle de tamanho fixo 00344 a2200157 4500
001 - NÚMERO DE CONTROLE
campo de controle 11295
020 ## - ISBN - INTERNATIONAL STANDARD BOOK NUMBER
ISBN - International Standard Book Number 9788573404869
040 ## - FONTE DA CATALOGAÇÃO
Instituição que transcreveu o registro Anchieta - Aquarius
100 ## - ENTRADA PRINCIPAL--NOME PESSOAL
Nome pessoal Siret, Dawn
240 10 - TÍTULO UNIFORME
Título uniforme *Astronauta por um dia
Idioma da obra por
245 10 - TÍTULO
Título *Astronauta por um dia
300 ## - DESCRIÇÃO FÍSICA
Extensão
362 0# - DATAS DE PUBLICAÇÃO E/OU DESIGNAÇÃO SEQUENCIAL
Datas de publicação e/ou designação sequencial 2005
650 #4 - ASSUNTO--TERMO TÓPICO
Cabeçalho tópico ou nome geográfico Literatura infantil
942 ## - ELEMENTOS DE ENTRADA ADICIONADOS (KOHA)
Tipo de material Koha Livros
Holdings
Situação do descarte Situação das perdas Situação física Não pode ser emprestado Biblioteca de origem Biblioteca atual Data de aquisição Total de empréstimos Número de chamada completo Código de barras Data de último acesso Data do último empréstimo Data do preço efetivo Tipo de material Koha Devolução em
        Colégio São Paulo Colégio São Paulo 21/11/2023   LI 028.5 HAR AST 4815/ITA 21/11/2023   21/11/2023 Livros  
        Colégio Anchieta - Aquarius Inspira 21/11/2023 1 LI 028.5 HAR AST 2020/AQU 21/11/2023 21/11/2023 21/11/2023 Livros  
        Colégio Anchieta - Aquarius Inspira 21/11/2023 2 LI 028.5 HAR AST 2021/AQU 21/11/2023 21/11/2023 21/11/2023 Livros  
        Colégio Anchieta - Aquarius Inspira 21/11/2023 1 LI 028.5 HAR AST 2022/AQU 21/11/2023 21/11/2023 21/11/2023 Livros  
        Colégio Anchieta - Aquarius Inspira 21/11/2023 2 LI 028.5 HAR AST 2023/AQU 21/11/2023 21/11/2023 21/11/2023 Livros 18/04/2023
        Colégio Anchieta - Aquarius Inspira 21/11/2023 1 LI 028.5 HAR AST 2024/AQU 21/11/2023 21/11/2023 21/11/2023 Livros